| 000 | 00337nam a22001337a 4500 | ||
|---|---|---|---|
| 008 | 171018b xxu||||| |||| 00| 0 eng d | ||
| 020 | _a9781599090078 | ||
| 041 | _aeng | ||
| 080 | _a338 | ||
| 100 | _a53 | ||
| 101 | _aMEN | ||
| 245 |
_aCHAMPS APROACTIVE AND POSITIVE APPROACHTO CLLASSROOM MANAGMENT _cSPEICK.R |
||
| 942 |
_2udc _cBK |
||
| 999 |
_c34604 _d34604 |
||